MARC

LEADER 00000nam0a2200000 4500
001 156843
005 20240827063210.0
035 |a (RuTPU)RU\TPU\book\170094 
090 |a 156843 
100 |a 20090331d1963 m y0rusy50 ca 
101 0 |a rus 
102 |a RU 
105 |a a z 001zy 
200 1 |a Мои путешествия по Сибири  |f В. А. Обручев  |g Академия наук СССР (АН СССР) 
210 |a Москва  |c Изд-во Академии наук СССР  |d 1963 
215 |a 288  |c ил. 
320 |a Библиогр.: с. 285-286. 
600 1 |a Обручев  |b В. А.  |c российский геолог  |c профессор Томского технологического института  |c исследователь Сибири, Центральной и Средней Азии  |c географ  |f 1863-1956  |g Владимир Афанасьевич  |y Томск  |7 ca  |8 rus  |2 stltpush  |3 (RuTPU)RU\TPU\pers\996  |9 441 
606 1 |a Путешествия  |2 stltpush  |3 (RuTPU)RU\TPU\subj\53234  |9 71554 
610 1 |a Сибирь 
610 1 |a геологические экспедиции 
610 1 |a исследования 
610 1 |a геология 
610 1 |a география 
610 1 |a геологическое строение 
610 1 |a коллекция В. А. Обручева 
610 1 |a труды учёных ТПУ 
675 |a 910.4  |v 3 
700 1 |a Обручев  |b В. А.  |c российский геолог  |c профессор Томского технологического института  |c исследователь Сибири, Центральной и Средней Азии  |c географ  |f 1863-1956  |g Владимир Афанасьевич  |2 stltpush  |3 (RuTPU)RU\TPU\pers\996 
712 0 2 |a Академия наук СССР (АН СССР)  |2 stltpush  |3 (RuTPU)RU\TPU\col\722 
801 1 |a RU  |b 63413507  |c 20090331  |g PSBO 
801 2 |a RU  |b 63413507  |c 20181128  |g RCR 
942 |c BK